000 00518nam a2200205Ia 4500
005 20250326143323.0
008 250326s9999 xx 000 0 und d
020 _a81-7446-348-8
037 _aTextbook
040 _aFMSL
_beng
_cFMSL
041 _aeng
_2eng
084 _aX:8D.1 P3
_qFMSL
100 _aVij M
245 0 _aInternational ficial management
_cVij M
250 _a2
260 _aDelhi
_bDelhi, Excel
_c2003
300 _a662p
942 _cTB
_hX:8D.1 P3
999 _c1299068
_d1299068